书目信息 |
| 题名: |
做人不难
|
|
| 作者: | 张薇 编著 | |
| 分册: | ||
| 出版信息: | 北京 中国物资出版社 1998 |
|
| 页数: | 419页 | |
| 开本: | 20cm | |
| 丛书名: | ||
| 单 册: | ||
| 中图分类: | B848.4 , B825 | |
| 科图分类: | ||
| 主题词: | 个人 , 修养 , 个人--修养--通俗读物 , 成功心理 , 成功心理--通俗读物 , 伦理学 | |
| 电子资源: | ||
| ISBN: | 7-5047-1378-3 | |
| 000 | 00816nam0 2200301 450 | |
| 001 | 0963860695 | |
| 005 | 20090929160412.59 | |
| 010 | @a7-5047-1378-3@dCNY19.60 | |
| 100 | @a20021005d1998 em y0chiy0110 ea | |
| 101 | 0 | @achi |
| 102 | @aCN@b110000 | |
| 105 | @ay z 000yy | |
| 106 | @ar | |
| 200 | 1 | @a做人不难@Azuo ren bu nan@e人生八十八个基本功@f张薇编著 |
| 210 | @a北京@c中国物资出版社@d1998 | |
| 215 | @a419页@d20cm | |
| 517 | 1 | @a人生八十八个基本功@Aren sheng ba shi ba ge ji ben gong |
| 606 | 0 | @a个人 |
| 606 | 0 | @a修养 |
| 606 | 0 | @a个人@x修养@x通俗读物 |
| 606 | 0 | @a成功心理 |
| 606 | 0 | @a成功心理@x通俗读物 |
| 606 | 0 | @a伦理学 |
| 690 | @aB848.4@v3 | |
| 690 | @aB825@v4 | |
| 701 | 0 | @a张薇@Azhang wei@4编著 |
| 801 | 0 | @aCN@bNLC@c19990507 |
| 905 | @a10447@dB825@eJY25 | |
| 做人不难:人生八十八个基本功/张薇编著 .-北京:中国物资出版社,1998 |
| 419页;20cm |
| ISBN 7-5047-1378-3:CNY19.60 |
| ● |
| 相关链接 |
|
|
|
|
正题名:做人不难
索取号:B825/JY25
 
预约/预借
| 序号 | 登录号 | 条形码 | 馆藏地/架位号 | 状态 | 备注 |
| 1 | 7804999 | 278049997 | 学院路分馆/ [索取号:B825/JY25] | 在馆 | |
| 2 | 7829797 | 278297978 | 学院路分馆/ [索取号:B825/JY25] | 在馆 | |
| 3 | 7829798 | 278297987 | 学院路分馆/ [索取号:B825/JY25] | 在馆 | |
| 4 | 7829799 | 278297996 | 学院路分馆/ [索取号:B825/JY25] | 在馆 |